00374nam a2200121Ia 4500008004100000041001200041100001800053245010300071260003500174300000800209650001700217700001800234221030s9999 xx 000 0 und d aEnglish aC. M. Kamotra 0aKinetic Theory Principles of Statistical Physics & Thermodynamicscby C. M. Kamotra, K. N. Goswami bMalhotra BorthersaJammuc1986 a166 aBB Mechanics aK. N. Goswami